000 00732 a2200229 4500
003 OSt
005 20230727142740.0
008 230207s2017 mx a|||f |||| 001 0 spa d
020 _a9786076228876
020 _a9788426724342
040 _cCHAP
082 0 0 _222
_a620.00420285
_bA65 2017
245 0 1 _aAprender AutoCAD 2017:
_bcon 100 ejercicios prácticos /
_c[MEDIAactive]
264 1 _aMéxico:
_bAlfaomega:
_bMarcombo,
_c2017.
300 _a215 páginas:
_bIlustraciones
490 1 _aComputación.
650 4 _98407
_aAutoCAD (Programa para computadora)
650 4 _9147159
_aGráficas por computadora
710 1 _9124449
_aMEDIAactive
830 _9187693
_aComputación.
_pDiseño por computadora
942 _cLibro
_2ddc
999 _c218292
_d218292